Normal view MARC view
  • Grey, Zane,

Entry Nombre Personal

Number of records used in: 3

001 - NUMERO DE CONTROL

  • campo de control: 44406

003 - IDENTIFICADOR DE NUMERO DE CONTROL

  • campo de control: UPN

005 - FECHA Y HORA DE LA ÜLTIMA TRANSACCIÓN

  • campo de control: 20220512081141.0

008 - DATOS DE LONGITUD FIJA

  • campo de control de longitud fija: 220512|| aca||aabn | aaa d

040 ## - FUENTE DE CATALOGACIÓN

  • Agencia original de catalogación: UPN

053 #4 - NÚMERO DE CLASIFICACIÓN LC

  • Número de clasificación elemento-número único o número inicial de tramo: PS3513 R4.9

100 1# - ENCABEZAMIENTO - NOMBRE PERSONAL

  • Nombre personal: Grey, Zane,
  • Fechas asociadas con el nombre: 1872-1939

670 ## - FUENTE EN LA QUE SE LOCALIZARON DATOS

  • Cita de la fuente: LC

902 ## - CATALOGADOR

  • Catalogador: CAA/120522